000 00305nam a2200121Ia 4500
008 150731s2014 xx 000 0 und d
082 _a617.041
_bA 14 D
100 _aDUNGHAV, MANISHA
245 _aASTANGAHRIDAYA (MCQ-SON)
260 _bCHAUKHAMBHA PUB. NEW DELHI
_c2014
300 _a102
942 _2ddc
_cBK
999 _c7752
_d7752